000 00406nam a2200157Ia 4500
008 230917s9999||||xx |||||||||||||| ||und||
040 _e195894
_aMAIN
041 _aEnglish
082 _a641.57 P286C(3)
100 _aPauli, Philip
245 0 _aClassical cooking the modern way: Methods and techniques
250 _a3rd ed.
260 _aHoboken
_bJohn Wiley
_c1999
300 _a409 p.
942 _cBK
999 _c165002
_d165002